[Event "Stuttgarter Stadtmeisterschaft C"]
[Site "Ditzingen"]
[Date "2015.05.16"]
[Round "5.11"]
[White "Hrsak, Marco"]
[Black "Sloboda, Robert"]
[Result "1-0"]
[WhiteElo "1256"]
[BlackElo "1032"]
[PlyCount "45"]
[EventDate "2015.??.??"]
[WhiteTeam "SC Kirchheim/Teck"]
[BlackTeam "SF Illingen"]

1. e4 c5 2. f4 d6 3. Bb5+ Bd7 4. Bxd7+ Nxd7 5. Nf3 e5 6. O-O Ngf6 7. d3 Be7 8.
c4 O-O 9. Nc3 a6 10. Ne2 b5 11. b3 Qb6 12. Qc2 Nb8 13. fxe5 dxe5 14. Nxe5 Bd6
15. Bb2 Re8 16. Nf3 Ng4 17. Qd2 Qc7 18. g3 Be5 19. Nxe5 Nxe5 20. Nc3 Qd7 21.
Nd5 Ra7 22. Qg5 Qe6 23. Nf6+ 1-0

[Event "Stuttgarter Stadtmeisterschaft C"]
[Site "Ditzingen"]
[Date "2015.05.16"]
[Round "5.12"]
[White "Jünk, Ellen"]
[Black "Postler, Jonathan"]
[Result "0-1"]
[WhiteElo "1121"]
[BlackElo "1252"]
[PlyCount "150"]
[EventDate "2015.??.??"]
[WhiteTeam "SC Leinzell"]
[BlackTeam "TSV/RSK Esslingen"]

1. e4 c6 2. d4 d5 3. Nc3 dxe4 4. Nxe4 Bf5 5. Ng3 Bg6 6. h4 h6 7. h5 Bh7 8. Nf3
Nf6 9. Bd3 Bxd3 10. Qxd3 e6 11. Ne5 Nbd7 12. f4 c5 13. Be3 cxd4 14. Qxd4 Nxe5
15. fxe5 Qxd4 16. Bxd4 Nd5 17. a3 Rc8 18. O-O-O Be7 19. Ne4 Nf4 20. Rd2 a6 21.
Nd6+ Bxd6 22. exd6 O-O 23. g4 Rfd8 24. Be5 Nd5 25. g5 Kh7 26. gxh6 gxh6 27. Rg1
Rg8 28. Rxg8 Rxg8 29. Bd4 Rd8 30. c4 Nf4 31. Bb6 Rd7 32. Be3 Nxh5 33. Rh2 Ng3
34. Rxh6+ Kg7 35. Rh2 Nf5 36. Bf4 f6 37. c5 e5 38. Bd2 Nd4 39. Bb4 a5 40. Bd2
Nb3+ 41. Kc2 Nxc5 42. Bxa5 Rxd6 43. Bb4 Rd5 44. Rg2+ Kf7 45. Rd2 Rxd2+ 46. Bxd2
Ke6 47. b4 Ne4 48. Bh6 Kd5 49. Kd3 f5 50. Ke3 Nd6 51. a4 Kc4 52. Bg7 Nf7 53.
Bxe5 Nxe5 54. Kf4 Nd3+ 55. Kxf5 Kxb4 56. Ke6 Kxa4 57. Kd5 b5 58. Kd4 Ka3 59.
Kc3 b4+ 60. Kc2 Ka2 61. Kxd3 b3 62. Ke4 b2 63. Ke5 b1=Q 64. Kd5 Qb4 65. Ke6 Qc5
66. Kf7 Qd6 67. Kg7 Qe6 68. Kh7 Qf6 69. Kg8 Qe7 70. Kh8 Kb3 71. Kg8 Kc4 72. Kh8
Kd5 73. Kg8 Ke6 74. Kh8 Kf6 75. Kg8 Qg7# 0-1

[Event "Stuttgarter Stadtmeisterschaft C"]
[Site "Ditzingen"]
[Date "2015.05.16"]
[Round "5.14"]
[White "Friedl, Bastian"]
[Black "Bauersfeld, Jasmin"]
[Result "1/2-1/2"]
[WhiteElo "1055"]
[BlackElo "1206"]
[PlyCount "44"]
[EventDate "2015.??.??"]
[WhiteTeam "SF Freiberg"]
[BlackTeam "SC WeiÃŸe Dame Ulm"]

1. e4 d6 2. Nf3 Nf6 3. Nc3 g6 4. Bc4 Bg7 5. d3 Bg4 6. h3 Bxf3 7. Qxf3 Nbd7 8.
Be3 O-O 9. Qe2 e5 10. b3 c6 11. a4 a5 12. g4 Nb6 13. Rb1 Nxc4 14. bxc4 Qd7 15.
f3 d5 16. g5 Nh5 17. cxd5 cxd5 18. Nxd5 Ng3 19. Qg2 Nxh1 20. Nb6 Qc6 21. Nxa8
Rxa8 22. Kd2 Rc8 1/2-1/2

[Event "Stuttgarter Stadtmeisterschaft C"]
[Site "Ditzingen"]
[Date "2015.05.16"]
[Round "5.15"]
[White "Eid, Sami"]
[Black "Hammann, Peter"]
[Result "1/2-1/2"]
[WhiteElo "920"]
[BlackElo "989"]
[PlyCount "31"]
[EventDate "2015.??.??"]
[WhiteTeam "SF Freiberg"]
[BlackTeam "Rochade Metzingen"]

1. e4 e5 2. Nf3 d6 3. d4 exd4 4. Nxd4 Nf6 5. Nc3 h6 6. Nf3 Be7 7. Bc4 O-O 8. e5
dxe5 9. Qxd8 Bxd8 10. Nxe5 Nbd7 11. Nxd7 Bxd7 12. O-O c6 13. Bf4 Ba5 14. Be5
Bf5 15. Bb3 Rad8 16. Rad1 1/2-1/2

[Event "Stuttgarter Stadtmeisterschaft C"]
[Site "Ditzingen"]
[Date "2015.05.16"]
[Round "5.16"]
[White "Fechner, Andreas"]
[Black "Reichardt, Felix  Alexander"]
[Result "1-0"]
[WhiteElo "977"]
[BlackElo "1482"]
[PlyCount "69"]
[EventDate "2015.??.??"]
[WhiteTeam "SC Magstadt"]
[BlackTeam "SF MarkgrÃ¤flerland"]

1. d4 e6 2. c4 d5 3. cxd5 exd5 4. Nc3 Nf6 5. Nf3 c5 6. e3 cxd4 7. Nxd4 Nc6 8.
Bb5 Bd7 9. O-O Nxd4 10. exd4 Be7 11. Re1 O-O 12. Bf4 Re8 13. Qf3 Bxb5 14. Nxb5
Rc8 15. Nxa7 Bb4 16. Rxe8+ Qxe8 17. Nxc8 Qxc8 18. Rc1 Qe8 19. h3 h6 20. Qb3 Be7
21. Qxb7 Bd8 22. Bc7 Bxc7 23. Qxc7 Qd7 24. Qxd7 Nxd7 25. b4 Nb6 26. b5 f5 27.
Rc6 Nc4 28. b6 Na5 29. Rd6 Kf8 30. Rxd5 Nb7 31. a4 Ke7 32. a5 Nxa5 33. Rxa5 Kd7
34. Rc5 Kd6 35. Rc1 1-0

[Event "Stuttgarter Stadtmeisterschaft C"]
[Site "Ditzingen"]
[Date "2015.05.16"]
[Round "5.19"]
[White "Aydin, Sami"]
[Black "Kappler, Roswitha"]
[Result "1-0"]
[WhiteElo "1064"]
[BlackElo "759"]
[PlyCount "81"]
[EventDate "2015.??.??"]
[WhiteTeam "SF Freiberg"]
[BlackTeam "SG Fasanenhof"]

1. d4 Nc6 2. e4 Nf6 3. Nc3 e5 4. d5 Nd4 5. Be3 Bb4 6. Bxd4 exd4 7. Qxd4 Qe7 8.
f3 c5 9. dxc6 bxc6 10. Qd1 O-O 11. Bd3 d5 12. Qe2 Nh5 13. Nh3 Qc7 14. exd5 Bb7
15. O-O Qb6+ 16. Kh1 Rae8 17. Qf2 Bc5 18. Qh4 g6 19. g4 Be7 20. Qf2 Bc5 21. Na4
Qa5 22. Nxc5 Qc7 23. gxh5 cxd5 24. hxg6 fxg6 25. Ng5 Rf6 26. Rfe1 Ref8 27. Nge6
Qf7 28. Nxf8 Qxf8 29. Nd7 Qg7 30. Nxf6+ Qxf6 31. Re3 Bc6 32. c3 Bd7 33. Rae1 g5
34. Kg2 Qh6 35. Re8+ Bxe8 36. Rxe8+ Qf8 37. Rxf8+ Kxf8 38. Qxa7 h5 39. b4 h4
40. b5 Ke8 41. b6 1-0

[Event "Stuttgarter Stadtmeisterschaft C"]
[Site "Ditzingen"]
[Date "2015.05.16"]
[Round "5.20"]
[White "Dimitrov, Leon"]
[Black "Depping, Erwin"]
[Result "1-0"]
[WhiteElo "804"]
[BlackElo "796"]
[PlyCount "120"]
[EventDate "2015.??.??"]
[WhiteTeam "SF Freiberg"]
[BlackTeam "SG SchwÃ¤bisch GmÃ¼nd"]

1. e4 e5 2. Nf3 Nc6 3. Bc4 Bc5 4. O-O Nf6 5. Nc3 O-O 6. d3 d6 7. Bg5 Na5 8. Bb5
a6 9. Ba4 b5 10. Bb3 Nxb3 11. axb3 Bb7 12. d4 Bb6 13. dxe5 dxe5 14. Nxe5 Qxd1
15. Raxd1 Nxe4 16. Nxe4 Bxe4 17. c4 Bc2 18. Rd5 Bxb3 19. Rc1 Ba7 20. Rd3 Rae8
21. Ra1 Bxc4 22. Nxc4 bxc4 23. Rc3 Re4 24. g3 Re2 25. Bf4 Rxf2 26. Rxa6 Rxb2+
27. Be3 Rb7 28. Kg2 f5 29. Rca3 Rb3 30. Bxa7 c3 31. Rxb3 c2 32. Rc3 c1=Q 33.
Rxc1 Rc8 34. Rac6 g5 35. h4 Kf7 36. hxg5 Ke8 37. Rh6 Kd7 38. Rxh7+ Ke6 39. Re1+
Kd5 40. g6 c5 41. Rc1 c4 42. Be3 c3 43. Rhh1 Kc4 44. Rhd1 Rg8 45. Rd4+ Kb3 46.
Rd3 Kc4 47. Rcxc3+ Kb4 48. Bc5+ Kb5 49. Rd5 Kc6 50. Rcd3 Kb5 51. Bd4+ Kc6 52.
Rxf5 Rxg6 53. Rc3+ Kd6 54. Bc5+ Ke6 55. Rcf3 Rh6 56. g4 Kd7 57. g5 Ra6 58. Rd3+
Kc6 59. g6 Kb5 60. g7 Ra8 1-0

[Event "Stuttgarter Stadtmeisterschaft C"]
[Site "Ditzingen"]
[Date "2015.05.16"]
[Round "5.22"]
[White "Hdya, Mohammad"]
[Black "Richter, Michael"]
[Result "0-1"]
[WhiteElo "885"]
[BlackElo "983"]
[PlyCount "58"]
[EventDate "2015.??.??"]
[WhiteTeam "SF Freiberg"]
[BlackTeam "TSV/RSK Esslingen"]

1. e4 c6 2. d4 d5 3. e5 Bf5 4. Nf3 e6 5. Nc3 Bb4 6. Bd2 Nd7 7. Bd3 Bxd3 8. cxd3
Ne7 9. O-O Ng6 10. Re1 O-O 11. a3 Ba5 12. Rc1 Re8 13. b4 Bb6 14. Be3 Ndf8 15.
Na4 Bc7 16. Nc5 b6 17. Nb7 Qd7 18. Nd6 Bxd6 19. exd6 Qxd6 20. Qe2 Nd7 21. Ng5
f6 22. Qh5 fxg5 23. Bxg5 Rac8 24. Re3 Rf8 25. Rh3 Nf6 26. Bxf6 Rxf6 27. Qxh7+
Kf7 28. Rh6 Qf4 29. Rf1 Rh8 0-1

[Event "Stuttgarter Stadtmeisterschaft C"]
[Site "Ditzingen"]
[Date "2015.05.16"]
[Round "5.23"]
[White "Herbst, Karin"]
[Black "Kiroglu, Cihan"]
[Result "1-0"]
[WhiteElo "1350"]
[BlackElo "941"]
[PlyCount "35"]
[EventDate "2015.??.??"]
[WhiteTeam "SG Fasanenhof"]
[BlackTeam "SG Schramberg-Lauterbach"]

1. c4 e5 2. Nc3 c5 3. e3 Nf6 4. d4 exd4 5. exd4 Be7 6. Nf3 O-O 7. Be2 Bd6 8.
O-O Qc7 9. Nb5 Qd8 10. Nxd6 cxd4 11. Bg5 Qb6 12. Nxc8 Rxc8 13. b3 h6 14. Bxf6
Qxf6 15. Nxd4 Re8 16. Nb5 Re7 17. Nc7 Qb2 18. Bf3 1-0

[Event "Stuttgarter Stadtmeisterschaft C"]
[Site "Ditzingen"]
[Date "2015.05.16"]
[Round "6.1"]
[White "Reuß, Tobias"]
[Black "Jüttner, Dennis"]
[Result "0-1"]
[WhiteElo "1468"]
[BlackElo "1256"]
[PlyCount "125"]
[EventDate "2015.??.??"]
[WhiteTeam "SV Besigheim"]
[BlackTeam "SpVgg Rommelshausen"]

1. d4 e6 2. e3 d5 3. Nf3 Bd7 4. c4 c5 5. cxd5 exd5 6. dxc5 Nf6 7. b4 b6 8. cxb6
Bxb4+ 9. Bd2 Qxb6 10. Bxb4 Qxb4+ 11. Qd2 Qxd2+ 12. Nbxd2 O-O 13. Bd3 Nc6 14.
Rb1 Rab8 15. O-O Nb4 16. Rb3 Nxd3 17. Rxd3 Bb5 18. Ra3 Bxf1 19. Kxf1 Ne4 20.
Nxe4 dxe4 21. Ng5 Rb1+ 22. Ke2 Rb2+ 23. Kf1 Rc8 24. g3 f5 25. Rxa7 Rb6 26. h4
h6 27. Nh3 Kh7 28. Rd7 Ra6 29. Rd2 Kh8 30. Rd5 Rf8 31. Nf4 Kh7 32. Rd2 Rf7 33.
Nh3 Rfa7 34. Ke1 Rxa2 35. Rxa2 Rxa2 36. Kf1 Kg6 37. Nf4+ Kh7 38. Nh3 Ra8 39.
Kg2 Rg8 40. Kf1 g5 41. h5 Kg7 42. Ng1 Kf6 43. Ne2 Ke5 44. Nd4 Rg7 45. Kg2 f4
46. g4 fxe3 47. fxe3 Rb7 48. Nf5 Rb6 49. Kf2 Rf6 50. Kg3 Rxf5 51. gxf5 Kxf5 52.
Kh3 g4+ 53. Kh4 g3 54. Kxg3 Kg5 55. Kh3 Kxh5 56. Kg3 Kg5 57. Kh3 h5 58. Kg3 h4+
59. Kh3 Kh5 60. Kg2 Kg4 61. Kh2 Kf3 62. Kh3 Kxe3 63. Kxh4 0-1

[Event "Stuttgarter Stadtmeisterschaft C"]
[Site "Ditzingen"]
[Date "2015.05.16"]
[Round "6.2"]
[White "Kobald, Jacqueline"]
[Black "Dietrich, Malte"]
[Result "1-0"]
[WhiteElo "1372"]
[BlackElo "1165"]
[PlyCount "75"]
[EventDate "2015.??.??"]
[WhiteTeam "SV Stuttgart-Wolfbusch"]
[BlackTeam "Rochade Metzingen"]

1. e4 e5 2. Nf3 Nc6 3. Bb5 d6 4. O-O Nf6 5. Re1 g6 6. Nc3 Bg7 7. d3 O-O 8. Bg5
a6 9. Ba4 b5 10. Bb3 Na5 11. Qd2 Nxb3 12. axb3 Be6 13. Ne2 Qd7 14. Ng3 Ne8 15.
Bh6 f6 16. c4 Bg4 17. Bxg7 Nxg7 18. Qe3 f5 19. exf5 Nxf5 20. Nxf5 Rxf5 21. Nd2
Rf4 22. Kh1 g5 23. h3 Bh5 24. Qg3 h6 25. Re4 Qc6 26. Qe3 Raf8 27. Rf1 Bg6 28.
Rxf4 Rxf4 29. Rd1 Qd7 30. Nf3 Qe6 31. Qa7 c5 32. Qxa6 b4 33. Qa8+ Kf7 34. Ra1
Kf6 35. Ra7 g4 36. Qf8+ Bf7 37. Qxh6+ Bg6 38. Qh4+ 1-0

[Event "Stuttgarter Stadtmeisterschaft C"]
[Site "Ditzingen"]
[Date "2015.05.16"]
[Round "6.3"]
[White "Pranjic, Daniel"]
[Black "Günther, Niclas"]
[Result "1-0"]
[WhiteElo "1273"]
[BlackElo "996"]
[PlyCount "79"]
[EventDate "2015.??.??"]
[WhiteTeam "SG Ludwigsburg"]
[BlackTeam "SF Freiberg"]

1. e4 e5 2. Nf3 Nc6 3. Bb5 d6 4. d4 Bd7 5. dxe5 Nxe5 6. Bxd7+ Nxd7 7. O-O Ngf6
8. Re1 Ne5 9. Bf4 Nfg4 10. h3 Nxf3+ 11. Qxf3 Ne5 12. Qb3 c6 13. Bxe5 dxe5 14.
Qxb7 Qc8 15. Qxc8+ Rxc8 16. Nd2 Rb8 17. Nc4 Rb5 18. Rad1 Be7 19. Re3 O-O 20.
Rd7 Bc5 21. Red3 f5 22. exf5 Rxf5 23. Rd8+ Kf7 24. Rd2 Kf6 25. a4 Rb4 26. b3
Bd4 27. Rd6+ Kg5 28. Rxc6 h5 29. Nd6 Rf4 30. g3 Rf3 31. Kg2 Rf8 32. c3 Bxc3 33.
Rxc3 Rd4 34. Rxd4 exd4 35. Rc5+ Kf6 36. Rf5+ Ke7 37. Rxf8 Kxf8 38. Kf3 Ke7 39.
Nf5+ Kf6 40. Nxd4 1-0

[Event "Stuttgarter Stadtmeisterschaft C"]
[Site "Ditzingen"]
[Date "2015.05.16"]
[Round "6.4"]
[White "Winterkorn, Nikolaus"]
[Black "Schranz, Patrick"]
[Result "0-1"]
[WhiteElo "1414"]
[BlackElo "1493"]
[PlyCount "38"]
[EventDate "2015.??.??"]
[WhiteTeam "DJK Sportbund Stgt."]
[BlackTeam "SC Feuerbach"]

1. d4 d5 2. Nf3 Nf6 3. Bf4 Nc6 4. e3 Bf5 5. Bb5 Nh5 6. Bg5 Qd6 7. Nbd2 O-O-O 8.
Bxc6 Qxc6 9. c3 f6 10. Bh4 g5 11. Bg3 Nxg3 12. fxg3 Qe6 13. Kf2 g4 14. Ne1 Bh6
15. Qe2 Qb6 16. Nb3 e5 17. dxe5 fxe5 18. Nd3 Rhf8 19. Rhf1 Bxd3+ 0-1

[Event "Stuttgarter Stadtmeisterschaft C"]
[Site "Ditzingen"]
[Date "2015.05.16"]
[Round "6.5"]
[White "Meißner, Mogens"]
[Black "Kermer, Jan"]
[Result "1/2-1/2"]
[WhiteElo "1313"]
[BlackElo "1321"]
[PlyCount "26"]
[EventDate "2015.??.??"]
[WhiteTeam "SK Bietigheim-Bissingen"]
[BlackTeam "SV Dettingen Erms"]

1. e4 c6 2. d3 d5 3. Nd2 dxe4 4. Nxe4 e5 5. Nf3 Bg4 6. g3 Nd7 7. Bg2 Nc5 8.
Nxc5 Bxc5 9. Be3 Bxe3 10. fxe3 Ne7 11. Qd2 Bxf3 12. Bxf3 O-O 13. O-O Qc7
1/2-1/2

[Event "Stuttgarter Stadtmeisterschaft C"]
[Site "Ditzingen"]
[Date "2015.05.16"]
[Round "6.6"]
[White "Hrsak, Marco"]
[Black "Afonso, Nils"]
[Result "0-1"]
[WhiteElo "1256"]
[BlackElo "1437"]
[PlyCount "92"]
[EventDate "2015.??.??"]
[WhiteTeam "SC Kirchheim/Teck"]
[BlackTeam "SF Kornwestheim"]

1. e4 e6 2. d4 d5 3. Nc3 Nf6 4. Bg5 dxe4 5. Nxe4 Be7 6. Nxf6+ Bxf6 7. Bxf6 Qxf6
8. Nf3 O-O 9. Bc4 Nc6 10. O-O Ne7 11. Bd3 h6 12. Ne5 c5 13. c3 cxd4 14. cxd4
Rd8 15. f4 Kf8 16. Be4 Nf5 17. Bxf5 Qxf5 18. Rf2 Qe4 19. Qh5 Qf5 20. Qxf5 exf5
21. Rd1 Be6 22. b3 f6 23. Nf3 Rd5 24. b4 Kf7 25. h3 Rad8 26. Rfd2 g5 27. g3 g4
28. hxg4 fxg4 29. Nh4 Bd7 30. Rc1 Bc6 31. Rc4 R8d7 32. Kf2 a6 33. Ke3 Re7+ 34.
Kf2 Re4 35. b5 Rxb5 36. Ng2 Rd5 37. Ne3 Rd7 38. Nc2 h5 39. Rc5 Kg6 40. Rg5+
fxg5 41. fxg5 Rf7+ 42. Kg2 Re2+ 43. Kg1 Rxd2 44. Ne3 Re2 45. Nc4 Rg2+ 46. Kh1
Rf1# 0-1

[Event "Stuttgarter Stadtmeisterschaft C"]
[Site "Ditzingen"]
[Date "2015.05.16"]
[Round "6.7"]
[White "Stecher, Oliver"]
[Black "Thomas, Leonhard"]
[Result "1/2-1/2"]
[WhiteElo "1153"]
[BlackElo "1404"]
[PlyCount "25"]
[EventDate "2015.??.??"]
[WhiteTeam "SSV Zuffenhausen"]
[BlackTeam "SV Fellbach"]

1. e4 e5 2. Nf3 Nc6 3. Bc4 Bc5 4. d3 h6 5. Bd2 d6 6. h3 Nge7 7. a3 a6 8. c3 Be6
9. Bxe6 fxe6 10. Be3 Bxe3 11. fxe3 Qd7 12. Nbd2 O-O-O 13. d4 1/2-1/2

[Event "Stuttgarter Stadtmeisterschaft C"]
[Site "Ditzingen"]
[Date "2015.05.16"]
[Round "6.10"]
[White "Bauersfeld, Jasmin"]
[Black "Hilger, Herbert"]
[Result "1/2-1/2"]
[WhiteElo "1206"]
[BlackElo "1230"]
[PlyCount "47"]
[EventDate "2015.??.??"]
[WhiteTeam "SC WeiÃŸe Dame Ulm"]
[BlackTeam "SV Stuttgart-Wolfbusch"]

1. e4 e5 2. c4 Nf6 3. Nc3 c6 4. d3 Be7 5. g3 O-O 6. Bg2 h6 7. Nge2 d6 8. O-O
Bg4 9. h3 Be6 10. f4 Bc8 11. f5 Nbd7 12. g4 Nb6 13. Ng3 Nh7 14. Be3 Bg5 15. Qd2
Bxe3+ 16. Qxe3 Qg5 17. Qxg5 Nxg5 18. Nh5 Nh7 19. Rf2 Nd7 20. b4 a6 21. a4 Nhf6
22. Nxf6+ Nxf6 23. Rff1 Bd7 24. a5 1/2-1/2

[Event "Stuttgarter Stadtmeisterschaft C"]
[Site "Ditzingen"]
[Date "2015.05.16"]
[Round "6.11"]
[White "Richter, Gerrit"]
[Black "Fechner, Andreas"]
[Result "1-0"]
[WhiteElo "1104"]
[BlackElo "977"]
[PlyCount "103"]
[EventDate "2015.??.??"]
[WhiteTeam "TSV/RSK Esslingen"]
[BlackTeam "SC Magstadt"]

1. e4 e5 2. Nf3 Nc6 3. Bb5 d6 4. O-O Nf6 5. c3 a6 6. Ba4 Be7 7. Re1 O-O 8. d4
exd4 9. cxd4 d5 10. exd5 Nxd5 11. a3 b5 12. Bc2 Bf6 13. Qd3 g6 14. Nc3 Bf5 15.
Qd2 Re8 16. Rxe8+ Qxe8 17. Nxd5 Qd8 18. Bxf5 Qxd5 19. Bc2 Nxd4 20. Nxd4 Qxd4
21. Qxd4 Bxd4 22. g3 Re8 23. Rb1 Re2 24. Bd3 Rxf2 25. Kh1 c5 26. Bf4 Bxb2 27.
Be3 Rf3 28. Bxc5 Rxd3 29. Rxb2 Rd5 30. Bb4 Kg7 31. Rc2 f6 32. Rc6 Rd1+ 33. Kg2
h5 34. Rxa6 Rd4 35. Rc6 Rg4 36. h3 Rg5 37. Rc5 Rxc5 38. Bxc5 g5 39. g4 Kg6 40.
Kf3 f5 41. Be3 fxg4+ 42. hxg4 Kh6 43. gxh5 Kxh5 44. Ke4 g4 45. Kd5 g3 46. Kc6
g2 47. Bc5 Kg4 48. Kxb5 Kh3 49. a4 Kh2 50. a5 g1=Q 51. Bxg1+ Kxg1 52. a6 1-0

[Event "Stuttgarter Stadtmeisterschaft C"]
[Site "Ditzingen"]
[Date "2015.05.16"]
[Round "6.12"]
[White "Eid, Sami"]
[Black "Friedl, Bastian"]
[Result "1-0"]
[WhiteElo "920"]
[BlackElo "1055"]
[PlyCount "71"]
[EventDate "2015.??.??"]
[WhiteTeam "SF Freiberg"]
[BlackTeam "SF Freiberg"]

1. e4 e5 2. Nf3 Nc6 3. Nc3 Nf6 4. Bc4 Bc5 5. O-O O-O 6. d3 d6 7. Nd5 Nxd5 8.
Bxd5 Be6 9. Bxe6 fxe6 10. Bg5 Qd7 11. a3 Nd4 12. Nxd4 exd4 13. b4 Bb6 14. Qg4
Rf7 15. a4 a6 16. a5 Ba7 17. Rfe1 c5 18. bxc5 dxc5 19. e5 Rb8 20. Reb1 Qd5 21.
Qg3 Qc6 22. Ra2 Qc7 23. h3 Rff8 24. Rb3 Kh8 25. Bd2 b5 26. axb6 Bxb6 27. Rxa6
h6 28. f4 Kh7 29. Qg4 Qb7 30. Raxb6 Qc7 31. Rxb8 Rxb8 32. Rxb8 Qxb8 33. Qxe6
Qb1+ 34. Kh2 Qxc2 35. Qf5+ Kh8 36. e6 1-0

[Event "Stuttgarter Stadtmeisterschaft C"]
[Site "Ditzingen"]
[Date "2015.05.16"]
[Round "6.13"]
[White "Sloboda, Robert"]
[Black "Milarch, Harald"]
[Result "0-1"]
[WhiteElo "1032"]
[BlackElo "1269"]
[PlyCount "22"]
[EventDate "2015.??.??"]
[WhiteTeam "SF Illingen"]
[BlackTeam "SC Botnang"]

1. e4 e5 2. Nf3 Nc6 3. Bc4 Bc5 4. O-O Nf6 5. Nc3 O-O 6. d3 d6 7. Bd2 Bg4 8. h3
Bh5 9. a3 Qc8 10. Bg5 Nd4 11. g4 Bxg4 0-1

[Event "Stuttgarter Stadtmeisterschaft C"]
[Site "Ditzingen"]
[Date "2015.05.16"]
[Round "6.14"]
[White "Reichmann, Bernd"]
[Black "Dimitrov, Leon"]
[Result "0-1"]
[WhiteElo "1140"]
[BlackElo "804"]
[PlyCount "58"]
[EventDate "2015.??.??"]
[WhiteTeam "SV Fellbach"]
[BlackTeam "SF Freiberg"]

1. e4 e5 2. Nf3 Nc6 3. Bb5 a6 4. Bxc6 dxc6 5. h3 Nf6 6. d3 Bc5 7. O-O O-O 8.
Nxe5 Re8 9. Nf3 Be6 10. Bg5 h6 11. Bxf6 Qxf6 12. Nc3 Bb4 13. e5 Qf5 14. a3 Bxc3
15. bxc3 Bd5 16. d4 Be4 17. Rc1 Rad8 18. Nh2 c5 19. Qg4 Qxg4 20. Nxg4 cxd4 21.
cxd4 Rxd4 22. c3 Ra4 23. Ra1 Bf5 24. Rfe1 Bxg4 25. hxg4 Rxg4 26. f3 Rg5 27. f4
Rf5 28. Rab1 b6 29. g3 g5 0-1

[Event "Stuttgarter Stadtmeisterschaft C"]
[Site "Ditzingen"]
[Date "2015.05.16"]
[Round "6.15"]
[White "Kiroglu, Cihan"]
[Black "Jünk, Ellen"]
[Result "0-1"]
[WhiteElo "941"]
[BlackElo "1121"]
[PlyCount "88"]
[EventDate "2015.??.??"]
[WhiteTeam "SG Schramberg-Lauterbach"]
[BlackTeam "SC Leinzell"]

1. d4 d5 2. Nf3 Nc6 3. e3 e6 4. Bb5 Bd7 5. O-O Nf6 6. c4 a6 7. Ba4 dxc4 8. Bxc6
Bxc6 9. a3 Qd6 10. Nc3 Ng4 11. Qe2 Bxf3 12. g3 Bxe2 13. Nxe2 Be7 14. e4 e5 15.
d5 Nf6 16. a4 Nxe4 17. Be3 Qxd5 18. Rad1 Qc6 19. a5 Qb5 20. f3 Qxb2 21. Nc1 Bc5
22. Rde1 Bxe3+ 23. Rxe3 Nd2 24. Rd1 Nxf3+ 25. Rxf3 O-O 26. Rdf1 f6 27. R3f2 Qd4
28. Ne2 Qc5 29. Rb1 b5 30. axb6 cxb6 31. g4 a5 32. Nc3 a4 33. Ne4 Qd4 34. Ng3
a3 35. Nf5 Qc5 36. Kg2 Qd5+ 37. Rf3 e4 38. Ne7+ Kh8 39. Nxd5 exf3+ 40. Kxf3 a2
41. Ra1 b5 42. Nb4 Rfd8 43. Ke4 Rd1 44. Rxd1 a1=Q 0-1

[Event "Stuttgarter Stadtmeisterschaft C"]
[Site "Ditzingen"]
[Date "2015.05.16"]
[Round "6.17"]
[White "Reichardt, Felix  Alexander"]
[Black "Kloos, Robin"]
[Result "1/2-1/2"]
[WhiteElo "1482"]
[BlackElo "986"]
[PlyCount "57"]
[EventDate "2015.??.??"]
[WhiteTeam "SF MarkgrÃ¤flerland"]
[BlackTeam "Schach-Kids Bernhausen"]

1. Nf3 d5 2. c4 e6 3. e3 Nf6 4. cxd5 exd5 5. d4 c5 6. Bb5+ Bd7 7. Bxd7+ Nbxd7
8. Nc3 cxd4 9. Nxd4 Bb4 10. Qb3 Ba5 11. Qxb7 Nb6 12. Nc6 Qd7 13. Qxd7+ Nbxd7
14. Nxa5 O-O 15. f3 Rfe8 16. e4 dxe4 17. fxe4 Nxe4 18. Nxe4 Rxe4+ 19. Kf2 Rae8
20. Bd2 Re2+ 21. Kf3 Rxd2 22. Nb3 Rc8 23. Rhe1 Rxb2 24. Re7 Nf6 25. Rxa7 h6 26.
Rc1 Rd8 27. Nc5 Rc8 28. Nb3 Rd8 29. Nc5 1/2-1/2

[Event "Stuttgarter Stadtmeisterschaft C"]
[Site "Ditzingen"]
[Date "2015.05.16"]
[Round "6.20"]
[White "Depping, Erwin"]
[Black "Kappler, Roswitha"]
[Result "1-0"]
[WhiteElo "796"]
[BlackElo "759"]
[PlyCount "45"]
[EventDate "2015.??.??"]
[WhiteTeam "SG SchwÃ¤bisch GmÃ¼nd"]
[BlackTeam "SG Fasanenhof"]

1. e4 e5 2. Nf3 Nc6 3. Nc3 Nf6 4. Bb5 a6 5. Bxc6 bxc6 6. Nxe5 Qe7 7. d4 d6 8.
Nxc6 Qd7 9. Nb4 Be7 10. O-O Qg4 11. e5 Qg6 12. Nbd5 Bh3 13. Qf3 Rc8 14. Qxh3
O-O 15. Nxe7+ Kh8 16. Nxg6+ fxg6 17. exf6 gxf6 18. Bh6 Rfd8 19. Qh4 g5 20. Qh5
Rd7 21. Rfe1 Rdd8 22. Qf7 Rg8 23. Qxf6+ 1-0

[Event "Stuttgarter Stadtmeisterschaft C"]
[Site "Ditzingen"]
[Date "2015.05.16"]
[Round "6.22"]
[White "Postler, Jonathan"]
[Black "Herbst, Karin"]
[Result "0-1"]
[WhiteElo "1252"]
[BlackElo "1350"]
[PlyCount "42"]
[EventDate "2015.??.??"]
[WhiteTeam "TSV/RSK Esslingen"]
[BlackTeam "SG Fasanenhof"]

1. d4 c6 2. c4 d5 3. Nc3 Bf5 4. Nf3 e6 5. Bg5 Be7 6. Bxe7 Nxe7 7. cxd5 cxd5 8.
e3 O-O 9. Bd3 Bxd3 10. Qxd3 Nbc6 11. O-O Ng6 12. Rac1 Rc8 13. Rc2 Nb4 14. Qd2
Nxc2 15. Qxc2 b5 16. Qb3 a6 17. a4 Rb8 18. axb5 axb5 19. Ra1 Ra8 20. Rxa8 Qxa8
21. Nxb5 Qa1+ 0-1

[Event "Stuttgarter Stadtmeisterschaft C"]
[Site "Ditzingen"]
[Date "2015.05.17"]
[Round "7.1"]
[White "Jüttner, Dennis"]
[Black "Kobald, Jacqueline"]
[Result "0-1"]
[WhiteElo "1256"]
[BlackElo "1372"]
[PlyCount "119"]
[EventDate "2015.??.??"]
[WhiteTeam "SpVgg Rommelshausen"]
[BlackTeam "SV Stuttgart-Wolfbusch"]

1. e4 c5 2. d3 Nc6 3. Nf3 g6 4. d4 cxd4 5. Nxd4 Bg7 6. c3 Nf6 7. Bd3 O-O 8. Qe2
d5 9. e5 Nd7 10. Nxc6 bxc6 11. e6 Nc5 12. exf7+ Rxf7 13. Be3 Nxd3+ 14. Qxd3 Bf5
15. Qe2 Qd7 16. Nd2 e5 17. Nf3 Rc8 18. O-O Bg4 19. h3 Bh5 20. g4 Bxg4 21. Nxe5
Bxe2 22. Nxd7 Bxf1 23. Rxf1 Rxd7 24. Bc5 Bf8 25. Bd4 c5 26. Be3 d4 27. Rd1 Bg7
28. Bf4 h6 29. Kg2 Rcd8 30. c4 g5 31. Bd2 Re8 32. b4 cxb4 33. Bxb4 Rc8 34. c5
Bf8 35. Rc1 Rdc7 36. Rc4 Bxc5 37. Bxc5 Rxc5 38. Rxd4 Rc4 39. Rd7 Ra4 40. Rd2
Ra3 41. Re2 Kf7 42. f3 Re8 43. Rb2 Kf6 44. Rc2 Kg6 45. Kg3 Kh5 46. Rd2 Ree3 47.
Rf2 Ra4 48. Rc2 Rea3 49. Rc5 Rxa2 50. h4 Rxh4 51. Rf5 Kg6 52. Rd5 Rhh2 53. f4
Rag2+ 54. Kf3 Rf2+ 55. Kg3 gxf4+ 56. Kg4 h5+ 57. Rxh5 Rfg2+ 58. Kxf4 Rxh5 59.
Kf3 Ra2 60. Kf4 0-1

[Event "Stuttgarter Stadtmeisterschaft C"]
[Site "Ditzingen"]
[Date "2015.05.17"]
[Round "7.2"]
[White "Schranz, Patrick"]
[Black "Pranjic, Daniel"]
[Result "1-0"]
[WhiteElo "1493"]
[BlackElo "1273"]
[PlyCount "93"]
[EventDate "2015.??.??"]
[WhiteTeam "SC Feuerbach"]
[BlackTeam "SG Ludwigsburg"]

1. d4 Nf6 2. Nf3 g6 3. c4 Bg7 4. Bf4 d6 5. Nc3 O-O 6. e4 Bg4 7. Be2 Nbd7 8. O-O
Bxf3 9. Bxf3 e5 10. dxe5 Nxe5 11. Be2 Nfd7 12. Bxe5 Nxe5 13. f4 Nc6 14. Qb3 Nd4
15. Qxb7 Nxe2+ 16. Nxe2 Rb8 17. Qxa7 Rxb2 18. Ng3 Rd2 19. Qa5 Bd4+ 20. Kh1 Rf2
21. Rxf2 Bxf2 22. Qc3 Qh4 23. Qf3 Bxg3 24. Qxg3 Qxg3 25. hxg3 f5 26. exf5 Rxf5
27. a4 Ra5 28. Kg1 Kf7 29. Kf2 Ke6 30. Ke3 d5 31. Kd4 c5+ 32. Kc3 d4+ 33. Kb3
Kf5 34. Ka3 Ke4 35. Rb1 Kd3 36. Rb5 Rxa4+ 37. Kxa4 Kxc4 38. Rb7 d3 39. Rxh7 d2
40. Rh1 Kc3 41. Kb5 c4 42. Rd1 Kd3 43. Rxd2+ Kxd2 44. Kxc4 Ke3 45. Kd5 Kf2 46.
g4 Kg3 47. f5 1-0